| 000 | 00449nam a2200181Ia 4500 | ||
|---|---|---|---|
| 001 | 22760 | ||
| 005 | 20260414150852.0 | ||
| 008 | 260414t2018||||xx |||||||||||||| ||spa|| | ||
| 041 | _aESP | ||
| 082 |
_a621.47 _bP34 |
||
| 100 |
_aPeake, Stephen, _eAUT |
||
| 245 | 0 |
_aRenewable energy : _bower for a sustainable future |
|
| 260 | _c2018 | ||
| 300 |
_axvi, 656 páginas : _c26 cm. |
||
| 650 | _aTCA | ||
| 654 | _aCIA | ||
| 942 |
_cLIB _dJUS _fJUS _2ddc _n |
||
| 999 |
_c22760 _d22760 |
||